| 000 | 00537nam a2200181 a 4500 | ||
|---|---|---|---|
| 003 | DO-SdBNP | ||
| 005 | 20211029144414.0 | ||
| 007 | ta | ||
| 008 | 211029e200? dr ac||grc||| 00| 0 spa d | ||
| 040 |
_aDO-SdBNP _bspa _cBNPHU |
||
| 082 | 4 |
_222 _bR311nu |
|
| 110 |
_aGrupo Financiero Popular (República Dominicana) _980413 |
||
| 245 | 1 | 0 | _aReconocimiento a nuestra gente 2013 |
| 260 |
_aSanto Domingo : _bGrupo Financiero Popular, _c2014 |
||
| 300 |
_a110 p. : _bil., ret. ; _c27 cm. |
||
| 590 | _ainventariado 2021 / MF | ||
| 942 |
_2ddc _cLBS1 |
||
| 999 |
_c50835 _d50835 |
||